Manual de derecho mercantil: (Registro nro. 16139)

Detalles MARC
000 -Cabecera
Campo de control interno 00544nam a2200181Ia 4500
005 - Fecha y hora del registro
control field 20260306170247.0
008 - Elementos de Longitud Fija
fixed length control field 260306t2009||||xx |||||||||||||| ||und||
041 ## - Idioma
Codigo Idioma ESP
082 ## - DEWEY y NOTACIÓN INTERNA
Dewey 347
Notación Interna B84
100 ## - AUTOR
Autor denominación Broseta Pont, Manuel
Término de relación autor
245 #0 - TÍTULO DE MATERIAL BIBLIOGRÁFICO
Título Manual de derecho mercantil:
Título paralelo introducción y estatuto del empresario. Derecho de la competencia y de la propiedad industrial. Derecho de sociedades
260 ## - CIUDAD, EDITORIAL, AÑO
Año 2009
300 ## - DESCRIPCIÓN
N° Páginas 000 páginas :
Dimensiones 24 cm.
650 ## - TEMAS
Temas Generalidades
654 ## - PROGRAMAS
Programa Dpto. de Administración de Negocios
942 ## - ELEMENTOS DE KOHA
Tipo de documento Libro
Nombre del creador Justo Noguera
Código de catalogador Justo Noguera
Esquema de clasificación Dewey Decimal Classification
Suppress in OPAC
Existencias
Codigo completo Registro Colección Copia número Disponibilidad Tipo de préstamo Biblioteca Actual Procedencia (Biblioteca) Ubicacón Fecha Ingreso Tipo de Adquisición Date last seen Total checkouts Price effective from Tipo de Item Estado del Material Fuente de Clasificación Damaged status Withdrawn status
347 B84 1006592 Universidad Católica San Pablo 1 Disponible Disponible Víctor Andrés Belaunde Víctor Andrés Belaunde Primer piso 03/06/2026 Compra 06/03/2026   06/03/2026 Libro Bueno Dewey Decimal Classification